000 00770nam a2200217Ii 4500
003 JO-AjNU
008 230605s9999||||xx |||||||||||||| ||und||
017 _a1989/1303
040 _aJO-AjNU
_bara
_erda
_cJO-AjNU
041 _aara
050 1 4 _aDS79.95.A9296 1989
100 3 _aالاعظمي، وليد محمد سعيد,
_eauthor
_921024
245 0 0 _aثورة 14 تموز وعبد الكريم قاسم في الوثائق البريطانية
250 _aط1
264 3 1 _aبغداد: مكتبة النهضة، 1989
300 _a254ص
336 _atext
_btxt
_2rdacontent
337 _aunmediated
_bn
_2rdamedia
338 _avolume
_bnc
_2rdacarrier
650 4 _aالعراق- العصر الحديث- عهد عبد الكريم قاسم 1914-1963
_921025
999 _aA7235
_c10803
_d10803